00439nam a2200145Ia 4500008004100000020001500041040004400056100001800100245004500118250001700163260002900180300002000209600004900229999001500278180412s9999||||xx |||||||||||||| ||und|| a063203355X aAhmadu Bello University Library - Zaria aCOTTON, R. E. 0aLecture notes on pathologycR. E. Cotton a\\a4th. ed. aOxford.bBlackwellc1992 axi, 439p.; ill. aPathology and Haematology. Occipital region. c1312d1312